LEADER 00938cam0 22002773 450 001 SOB018615 005 20240418085025.0 100 $a20040211d1978 |||||ita|0103 ba 101 $aita 102 $aIT 200 1 $aStudi malatestiani$fdi P.J. Jones [et al.] 210 $aRoma$cIstituto Storico Italiano per il Medio Evo$d1978 215 $a196 p.$d25 cm 225 2 $aStudi Storici$fIstituto storico italiano per il Medio Evo$vFasc. 110-111 410 1$1001LAEC00018361$12001 $a*Studi Storici / Istituto storico italiano per il Medio Evo$vFasc. 110-111 500 11$aStudi$3UF00000055$961691 702 1$aJONES, P.J.$3AF00022242$4070 801 0$aIT$bUNISOB$c20240418$gRICA 850 $aUNISOB 852 $aUNISOB$j900|Stu|Coll|33|42$m112410 912 $aSOB018615 940 $aM 102 Monografia moderna SBN 941 $aM 957 $rACQUISTO$3UNISOB$a900|Stu|Coll|33|42$d112410 996 $aStudi$961691 997 $aUNISOB